书目信息 |
| 题名: |
人力资源管理
|
|
| 作者: | 赵曙明 译 | |
| 分册: | ||
| 出版信息: | 北京 中国人民大学出版社 2005 |
|
| 页数: | 202页 | |
| 开本: | 29cm | |
| 丛书名: | ||
| 单 册: | ||
| 中图分类: | F279.1 , F272.92 | |
| 科图分类: | ||
| 主题词: | 企业管理--劳动力资源--资源管理--案例--世界 , 企业管理 | |
| 电子资源: | ||
| ISBN: | 7-300-06689-5 | |
| 000 | 01014nam0 2200289 450 | |
| 000 | 01020nam0 2200277 450 | |
| 000 | 00951nam0 2200253 450 | |
| 000 | 00915oam2 2200241 45 | |
| 005 | 20070725084324.81 | |
| 010 | @a7-300-06689-5@dCNY45.00 | |
| 100 | @a20070719d2005 em y0chiy0120 ea | |
| 101 | 0 | @achi |
| 102 | @aCN@b110000 | |
| 105 | @ay z 000yy | |
| 200 | 1 | @a人力资源管理@ARen Li Zi Yuan Guan Li@dHuman resource management@f赵曙明译@FZhao Shu Ming Yi@zeng |
| 210 | @a北京@c中国人民大学出版社@d2005 | |
| 215 | @a202页@d29cm | |
| 300 | @aMBA核心课案例教学推荐教材 | |
| 330 | @a本书选择了13个人力资源管理案例,这些案例精选于哈佛大学案例库,每个案例自成体系,各有特色,内容覆盖了人力资源管理的各个方面。 | |
| 510 | 1 | @aHuman resource management@zeng |
| 606 | 0 | @a企业管理@x劳动力资源@x资源管理@x案例@y世界 |
| 606 | 0 | @a企业管理 |
| 690 | @aF279.1@v4 | |
| 690 | @aF272.92@v3 | |
| 701 | 0 | @a赵曙明@AZhao Shu Ming@f(1952~)@4译 |
| 801 | 0 | @aCN@bTAOJIN@c20070725 |
| 905 | @a10447@dF272.92@e628 | |
| 人力资源管理=Human resource management/赵曙明译.-北京:中国人民大学出版社,2005 |
| 202页;29cm |
| MBA核心课案例教学推荐教材 |
| ISBN 7-300-06689-5:CNY45.00 |
| 本书选择了13个人力资源管理案例,这些案例精选于哈佛大学案例库,每个案例自成体系,各有特色,内容覆盖了人力资源管理的各个方面。 |
| ● |
| 相关链接 |
|
|
|
|
正题名:人力资源管理
索取号:F272.92/628
 
预约/预借
| 序号 | 登录号 | 条形码 | 馆藏地/架位号 | 状态 | 备注 |
| 1 | 0824760 | 208247609 | 第一样本阅览室/ [索取号:F272.92/628] | 在馆 | |
| 2 | 0824761 | 208247618 | 第一借阅区/ [索取号:F272.92/628] | 在馆 | |
| 3 | 0824762 | 208247627 | 密集书库/ [索取号:F272.92/628] | 在馆 | |
| 4 | 0824763 | 208247636 | 第一借阅区/ [索取号:F272.92/628] | 在馆 | |
| 5 | 0824764 | 208247645 | 密集书库/ [索取号:F272.92/628] | 在馆 | |
| 6 | 0824765 | 208247654 | 密集书库/ [索取号:F272.92/628] | 在馆 | |
| 7 | 0824766 | 208247663 | 密集书库/ [索取号:F272.92/628] | 在馆 | |
| 8 | 0824767 | 208247672 | 第一借阅区/ [索取号:F272.92/628] | 在馆 | |
| 9 | 0824768 | 208247681 | 第一借阅区/ [索取号:F272.92/628] | 在馆 |